Športová hala Považská Bystrica
Saved in:
| Main Author: | |
|---|---|
| Other Authors: | |
| Format: | Manuscript Book |
| Language: | Slovak |
| Published: |
2015
|
| Subjects: | |
| Online Access: | http://is.stuba.sk/zp/portal_zp.pl?podrobnosti=91185 https://opac.crzp.sk/?fn=detailBiblioForm&sid=FF44C990A7CA883E49865E929FD7 |
| Tags: |
No Tags, Be the first to tag this record!
|
MARC
| LEADER | 00000ntm a22000003a 4500 | ||
|---|---|---|---|
| 001 | stuzp51758 | ||
| 003 | SK-STU | ||
| 005 | 20231025145817.4 | ||
| 007 | ta | ||
| 008 | 150427s2015----xo-----f-mn---000-0-slo-d | ||
| 040 | |a STU |b slo | ||
| 041 | 0 | |a slo | |
| 100 | 1 | |a Miklovičová, Nikola |u 010310 |4 aut |U SvF Stavebná fakulta |T SvF Katedra architektúry |X 42163 |U V181|V310 |Y 19 |7 42163 | |
| 242 | 0 | 1 | |a Sports hall in Považská Bystrica |y eng |
| 245 | 1 | 0 | |a Športová hala Považská Bystrica |
| 260 | |c 2015 | ||
| 650 | 4 | |a šport |2 slo | |
| 650 | 4 | |a voľný čas |2 slo | |
| 650 | 4 | |a aktivita |2 slo | |
| 650 | 4 | |a a sport |2 eng | |
| 650 | 4 | |a a free time |2 eng | |
| 650 | 4 | |a an acitivity |2 eng | |
| 700 | 1 | |a Kuráň, Jozef |4 ths |X 710 |7 A000000710 | |
| 856 | 4 | |u http://is.stuba.sk/zp/portal_zp.pl?podrobnosti=91185 | |
| 856 | 4 | |u https://opac.crzp.sk/?fn=detailBiblioForm&sid=FF44C990A7CA883E49865E929FD7 | |
| SQL | |a stuzp51758 |b DBP |c SLO |d Športová hala Považská Bystrica |e 42163 |f Miklovičová, Nikola |g 010310 |h 710 |i Kuráň, Jozef |j 20150623 |k 4 |l 01 |m http://is.stuba.sk/zp/portal_zp.pl?podrobnosti=91185 |n B-PSA |o 5.1.4. pozemné stavby, 5.1.1. architektúra a urbanizmus | ||